Statistics for Longest Wars in History

Click here to take the quiz!

General Stats

  • This quiz has been taken 13 times
  • The average score is 1 of 25

Answer Stats

YearsDurationWar% Correct
718-1492774Reconquista
58%
1096-1699602Crusades
50%
1568-1918350Russo-Turkish War
8%
1609-1924315American Indian Wars
0%
1109-1815706Anglo-French Wars
0%
1296-1547251Anglo-Scottish Wars
0%
1600-1915315Apache-Mexico Wars
0%
629-1180551Arab-Byzantine Wars
0%
1536-1883347Arauco War
0%
1547-1855308Burmese-Siamese Wars
0%
680-1355675Byzantine-Bulgarian Wars
0%
1048-1308260Byzantine Seljuk Wars
0%
1470-1814344Dano-Swedish Wars
0%
200 BC-91290Han-Xiongnu War
0%
1415-1769354Moroccan-Portuguese Conflicts
0%
712-18571145Muslim Conquests of India
0%
1600-1866266Navajo Wars
0%
1526-1791265Ottoman-Habsburg Wars
0%
1514-1823309Ottoman-Persian Wars
0%
113 BC-476588Roman-Germanic Wars
0%
54 BC-628681Roman-Persian Wars
0%
1565-1898333Spanish-Moro Conflict
0%
1651-1896335Three Hundred and Thirty Five Years' War
0%
1533-1929396Yaqui Wars
0%
1538-1911373Yemeni-Ottoman Conflicts
0%

Score Distribution

Percentile by Number Answered

Percent of People with Each Score

Your Score History

You have not taken this quiz